Países que utilizan el euro (eurozona) - Estadísticas

Estadísticas generales
  • Esta prueba ha sido intentada 8.194 veces
    3.737 desde el último reinicio
  • La puntuación promedio es 18 de 21
Estadísticas de respuestas
Año País % Correcto
1999 España
100%
1999 Francia
99%
1999 Alemania
98%
1999 Italia
96%
1999 Portugal
95%
1999 Bélgica
93%
1999 Países Bajos
91%
2001 Grecia
89%
1999 Austria
88%
2023 Croacia
86%
2011 Estonia
85%
1999 Irlanda
85%
2014 Letonia
85%
2015 Lituania
85%
2007 Eslovenia
84%
2009 Eslovaquia
83%
1999 Luxemburgo
83%
2026 Bulgaria
81%
1999 Finlandia
81%
2008 Malta
74%
2008 Chipre
64%
No se encontraron pruebas coincidentes
Distribución de puntuación
Porcentaje de gente con cada puntuación
Porcentaje por número respondido
Historial de tus puntuaciones
No has intentado esta prueba desde el último reinicio